000 00244nam a2200109Ia 4500
008 190914s9999||||xx |||||||||||||| ||und||
100 _aRudyard Kipling
245 0 _aKim
260 _aNew Delhi
_bBantam Books
_c2001
300 _a122
942 _cBK
999 _c9067
_d9067